000 01618 a2200205 4500
001 63974
005 20260521160827.0
008 260521a1979 arg spa d
003 AR-UNSa-BCEJYS
040 _aAR-UNSa-BCEJYS
_bspa
_cAR-UNSa-BCEJYS
080 _a378
_xEnseñanza superior. Universidades. Escuelas especiales
245 1 0 _aProyectos de Educación Superior
_pPlanificación e implementación
264 1 _aMéxico :
_bLimusa
_c1979
300 _a180 p.
_c23 cm.
505 _a1. Fundamentos de la administración de proyectos – 2. Caracterización sistemática de la educación – 3. Planificación económica de la educación – 4. Gerencia de proyectos – 5. Elementos básicos de la administración de proyectos como sistema del sector de la educación superior – 6. Detalles del proyecto – 7. Análisis previo de los procedimientos de ejecución – 8. Organización de la ejecución – 9. Dinámica de la ejecución – 10. Metodología del control integrado de obras – 11. Ejecución – 12. Gerencia, por Diego Barañano – 13. Planificación, programación y control: plan de renovación del equipo de las universidades, por Abraao Oigman y Adolfo Leivovitch – 14. Recursos humanos, por Diego Barañano – 15. Recursos materiales, por Carlos Alberto Milone e Sinval de Olivera Filho – 16. Recursos financieros, por Claudio Salgado – 17 Información y control por Colbert Demaria Boiteux – 18. Planificación, programación y control –
041 _aspa
942 _cBK
590 _aniveau_biblio:m niveau_hierar:0
100 1 _aBanco Interamericano de Desarrollo (BID)
999 _c36452
_d36452